| 000 | 00862nam a2200289Ia 4500 | ||
|---|---|---|---|
| 001 | dia_5893 | ||
| 003 | CHAP | ||
| 005 | 20240125130614.0 | ||
| 008 | 220117s2014 xx 000 0 und d | ||
| 010 | _a177018 | ||
| 020 | _a978--1-4665-9823-2 | ||
| 040 | _cCHAP | ||
| 082 | _a641.3374 O34 2014 | ||
| 100 |
_aOhene Afoakwa, Emmanuel _9159954 |
||
| 245 |
_aCocoa producction and processing technology / _c Emmanuel Ohene Afoakwa |
||
| 260 |
_aEstados Unidos de América : _b CRC Press, _c2014 |
||
| 300 | _axxiv, 350 p. | ||
| 503 | _aC/e | ||
| 504 | _aBibliografĂa: p. 305-329 | ||
| 590 | _aTP640 O34 2014 | ||
| 650 |
_aCocoa products _9150295 |
||
| 650 |
_aProductos derivados del cacao _9150301 |
||
| 901 | _a641.3374 O34 2014 | ||
| 902 | _aM | ||
| 905 | _a5232272014 -usmnd 8222123322eng16 | ||
| 942 |
_cLIBRO _2ddc |
||
| 999 |
_c177018 _d177018 |
||